<?xml version="1.0" encoding="UTF-8"?>
<record
    xmlns:xsi="http://www.w3.org/2001/XMLSchema-instance"
    xsi:schemaLocation="http://www.loc.gov/MARC21/slim http://www.loc.gov/standards/marcxml/schema/MARC21slim.xsd"
    xmlns="http://www.loc.gov/MARC21/slim">

  <leader>     nam a22     7a 4500</leader>
  <datafield tag="999" ind1=" " ind2=" ">
    <subfield code="c">47308</subfield>
    <subfield code="d">47308</subfield>
  </datafield>
  <controlfield tag="003">OSt</controlfield>
  <controlfield tag="005">20190508163859.0</controlfield>
  <controlfield tag="008">190508b        xxu||||| |||| 00| 0 eng d</controlfield>
  <datafield tag="040" ind1=" " ind2=" ">
    <subfield code="c">IIMT COLLEGE OF ENGINEERING,GREATER NOIDA</subfield>
  </datafield>
  <datafield tag="100" ind1=" " ind2=" ">
    <subfield code="a">FRANK,L.SEVERANCE</subfield>
  </datafield>
  <datafield tag="245" ind1=" " ind2=" ">
    <subfield code="a">MANUFACTURING PROCESS &amp;  SYSTEMS</subfield>
  </datafield>
  <datafield tag="260" ind1=" " ind2=" ">
    <subfield code="a">NEW DELHI</subfield>
    <subfield code="b">WILEY</subfield>
    <subfield code="c">2014</subfield>
  </datafield>
  <datafield tag="942" ind1=" " ind2=" ">
    <subfield code="2">ddc</subfield>
    <subfield code="c">02</subfield>
  </datafield>
  <datafield tag="952" ind1=" " ind2=" ">
    <subfield code="0">0</subfield>
    <subfield code="1">0</subfield>
    <subfield code="2">ddc</subfield>
    <subfield code="4">0</subfield>
    <subfield code="7">0</subfield>
    <subfield code="a">23</subfield>
    <subfield code="b">23</subfield>
    <subfield code="d">2019-05-08</subfield>
    <subfield code="e">IBC</subfield>
    <subfield code="g">699.00</subfield>
    <subfield code="i">1484/17/09/2014</subfield>
    <subfield code="l">0</subfield>
    <subfield code="p">23-B-437</subfield>
    <subfield code="r">2019-05-08</subfield>
    <subfield code="w">2019-05-08</subfield>
    <subfield code="y">02</subfield>
  </datafield>
  <datafield tag="952" ind1=" " ind2=" ">
    <subfield code="0">0</subfield>
    <subfield code="1">0</subfield>
    <subfield code="2">ddc</subfield>
    <subfield code="4">0</subfield>
    <subfield code="7">0</subfield>
    <subfield code="a">23</subfield>
    <subfield code="b">23</subfield>
    <subfield code="d">2019-05-08</subfield>
    <subfield code="e">IBC</subfield>
    <subfield code="g">699.00</subfield>
    <subfield code="i">1484/17/09/2014</subfield>
    <subfield code="l">0</subfield>
    <subfield code="p">23-B-438</subfield>
    <subfield code="r">2019-05-08</subfield>
    <subfield code="w">2019-05-08</subfield>
    <subfield code="y">02</subfield>
  </datafield>
  <datafield tag="952" ind1=" " ind2=" ">
    <subfield code="0">0</subfield>
    <subfield code="1">0</subfield>
    <subfield code="2">ddc</subfield>
    <subfield code="4">0</subfield>
    <subfield code="7">0</subfield>
    <subfield code="a">23</subfield>
    <subfield code="b">23</subfield>
    <subfield code="d">2019-05-08</subfield>
    <subfield code="e">IBC</subfield>
    <subfield code="g">699.00</subfield>
    <subfield code="i">1484/17/09/2014</subfield>
    <subfield code="l">0</subfield>
    <subfield code="p">23-B-439</subfield>
    <subfield code="r">2019-05-08</subfield>
    <subfield code="w">2019-05-08</subfield>
    <subfield code="y">02</subfield>
  </datafield>
  <datafield tag="952" ind1=" " ind2=" ">
    <subfield code="0">0</subfield>
    <subfield code="1">0</subfield>
    <subfield code="2">ddc</subfield>
    <subfield code="4">0</subfield>
    <subfield code="7">0</subfield>
    <subfield code="a">23</subfield>
    <subfield code="b">23</subfield>
    <subfield code="d">2019-05-08</subfield>
    <subfield code="e">IBC</subfield>
    <subfield code="g">699.00</subfield>
    <subfield code="i">1484/17/09/2014</subfield>
    <subfield code="l">0</subfield>
    <subfield code="p">23-B-440</subfield>
    <subfield code="r">2019-05-08</subfield>
    <subfield code="w">2019-05-08</subfield>
    <subfield code="y">02</subfield>
  </datafield>
</record>
